00599 2200205 4500001002100000005001500021035002000036007000300056008004100059020002200100082001100122084001700133100002400150245008800174260003400262300004400296650000900340650002200349650002200371INLIS00000000000155120260127090216 a0010-0126000010ta260127 g 0 ind  a978-602-344-151-8 a631.52 a631.52 END p0 aEndang Gati Lestari1 aPemuliaan tanaman melalui induksi mutasi dan kultur in vitro /cEndang Gati Lestari aJakarta :bIAARD Press,c2016 axiii, 58 him. :bilus, ;c15 cm x 21 cm 4aBuku 4aPemuliaan tanaman 4amutasi dan kultur